000 00466nam a2200181Ia 4500
001 20030
005 20260306172736.0
008 260306t2024||||xx |||||||||||||| ||spa||
041 _aESP
082 _a342.211
_bC88
100 _aCrego, Jorge,
_eAUT
245 0 _aLos nuevos derechos humanos :
_bteoría jurídica y praxis política
260 _c2024
300 _axvii, 534 páginas :
_c24 cm.
650 _aGEN
654 _aCDE
942 _cLIB
_dJUS
_fJUS
_2ddc
_n
999 _c20030
_d20030